000 00438nam a2200169 a 4500
001 0000-8680
003 ELIB.Books
008 110520 2002
035 _a(ELIB.Books)0000-8826
082 _aB.Th
_bSi
100 _aSi Thu Tun, Saw
245 _aThe World of the New Testament
260 _bInsein: Karen Baptist Theolgical Seminary
_c2002
650 _aThesis
942 _2ddc
_cBK
998 _cbat
_e2011-05-20
999 _c8680
_d8680